| 000 | 02108 a2200205 4500 | ||
|---|---|---|---|
| 001 | 55596 | ||
| 005 | 20260407155829.0 | ||
| 008 | 260407a1967 arg spa d | ||
| 003 | AR-UNSa-BCEJYS | ||
| 040 |
_aAR-UNSa-BCEJYS _bspa _cAR-UNSa-BCEJYS |
||
| 080 |
_a330.1 _xCiencia económica. Conceptos fundamentales de teoría económica. Valor. Capital. Fondos |
||
| 245 | 1 | 0 | _aAnálisis económico |
| 264 | 1 |
_aBuenos Aires : _bEUDEBA (Editorial Universitaria de Buenos Aires) _c1967 |
|
| 300 |
_axvii, 653 p. _c22 cm. |
||
| 505 | _aPrimera parte: Introducción - I. Naturaleza y funciones del sistema económico - II. Naturaleza y alcance de la teoría económica - III. Las unidades del sistema económico y la maximización de los objetivos - IV. Relaciones de mercado - Segunda parte: Teoría de la determinación de los precios y volúmenes de producción de mercancías - V. Demanda del consumidor - VI. Demanda dirigida a la empresa - VII. Teoría de la producción: Funciones de producción - VIII. Naturaleza y comportamiento de los costos - IX. Determinación del precio y del volumen de producción en condiciones de competencia pura - X. Diferenciación del producto y competencia monopólica - XI. Monopolio - XII. Oligopolio - Tercera parte: Teoría de la determinación del precio de los factores - XIII. Introducción a la teoría de los precios de los factores y de la distribución del ingreso - XIV. Determinación del salario en econdiciones de competencia pura - XV. Determinación del salario en mercados d etrabajo no puramente competitivos - XVI. Los bienes de capital y las decisiones de inversión - XVII. La teoría del interés - XVIII. Rentas y cuasi rentas - XIX. La teoría del beneficio - XX. El equilibrio general de la economía - Cuarta parte: Ingreso nacional - XXI. Las magnitudes del ingreso nacional - XXII. El nivel del ingreso nacional - XXIII. Cambios en el ingreso nacional - Quinta parte: Economía del bienestar - XXIV. Reseña de la economía del bienestar | ||
| 041 | _aspa | ||
| 942 | _cBK | ||
| 590 | _aniveau_biblio:m niveau_hierar:0 | ||
| 100 | 1 | _aDue, John F. | |
| 999 |
_c5963 _d5963 |
||